• 首页
  • 本馆介绍
  • 公告通知
  • 最新文献
  • 馆藏检索
  • 电子资源
  • 读者导购
  • 参考咨询
  • 我的图书馆
  • 登录
  • 详细信息显示
  • 放入我的书架
  • 预约/预借图书
  • 作者相关作品
  • 分类相关作品
  • 丛书相关作品
  • 出版社相关作品

书目信息

  • 表格格式
  • 工作单格式
  • 卡片格式
题名:
电磁振荡与电磁波
    
 
作者: ;浙江大学物理教研室 编
分册:  
出版信息: 北京   人民教育出版社  1965
页数: 86页
开本: 20cm
丛书名:
单 册:
中图分类: O441.4
科图分类:
主题词: 电磁学 , 电动力学
电子资源:
ISBN:
000 00684nam0 2200229 450
001 0656521422
005 20070710143304.20
010    @dCNY0.24
100    @a20060724d1965 km y0chiy0120 ea
101 0  @achi
102    @aCN@b110000
102    @aCN@b110000
200 1  @a电磁振荡与电磁波@Adian ci zhen dang yu dian ci bo@f浙江大学物理教研室编@Fzhe jiang da xue wu li jiao yan shi bian
210    @a北京@c人民教育出版社@d1965
215    @a86页@d20cm
300    @a高等学校教学参考书
606 0  @a电磁学
606 0  @a电动力学
690    @aO441.4@v3
711  0 @a浙江大学物理教研室@Azhe jiang da xue wu li jiao yan shi@4编
801  0 @aCN@bPFT@c20070710
905    @a10447@dO441.4@e101
    
    电磁振荡与电磁波/浙江大学物理教研室编.-北京:人民教育出版社,1965
    86页;20cm
    高等学校教学参考书
    
    ISBN :CNY0.24
    
●
相关链接 在E读中查询图书 在五车中查询图书 在当当中查询图书 在豆瓣中查询图书


正题名:电磁振荡与电磁波     索取号:O441.4/101         预约/预借

序号 登录号 条形码 馆藏地/架位号 状态 备注
1 0432788   204327889   密集书库/ [索取号:O441.4/101] 在馆    
2 0433768   204337681   密集书库/ [索取号:O441.4/101] 在馆    
3 0434051   204340515   密集书库/ [索取号:O441.4/101] 在馆    
4 0452110   204521106   密集书库/ [索取号:O441.4/101] 在馆    
5 0454607   204546072   密集书库/ [索取号:O441.4/101] 在馆    
6 0454608   204546081   密集书库/ [索取号:O441.4/101] 在馆    
7 0454609   204546090   密集书库/ [索取号:O441.4/101] 在馆    
8 0461784   204617842   密集书库/ [索取号:O441.4/101] 在馆    
9 0461885   204618850   密集书库/ [索取号:O441.4/101] 在馆    
10 0461886   204618869   密集书库/ [索取号:O441.4/101] 在馆    
11 0464921   204649210   密集书库/ [索取号:O441.4/101] 在馆    
12 0464922   204649229   密集书库/ [索取号:O441.4/101] 在馆    
13 0767891   207678912   密集书库/ [索取号:O441.4/101] 在馆    
唐山师范学院图书馆 欢迎您!
大连网信软件有限公司© 版权所有